000 07749nam a22006017a 4500
005 20120214115924.0
010 _aB-479046-075
020 _a9788181463777
_c190.00
035 _aB-479046-075
037 _bब्लूबेरी बुक्स
082 _a
100 _aराव, संध्या
_951761
245 _aतस्वीरों में गांधी /
_cसंध्या राव;अरविंद गुप्ता द्वारा अनुदित
260 _aचैन्नेई
_bतूलिका पब्लिशिंग
_c2007
270 _a13 पृथ्वी ऐवन्यु, अभिरमपुरम
_bचैन्नेई
_e600018
300 _aअ.पृ.
_bसचित्र
_c26सेमी (अजिल्द)
700 _941870
_aगुप्ता, अरविंद
700 _941871
700 _941872
942 _2ddc
_cCH
_h
_mरावसं
999 _c62716
_d62716